01006 2200361 4500001002100000005001500021035002000036007000300056040001700059100002300076245006200099250001300161300003300174504002400207020002200231041000800253082001000261084001600271090002200287264003000309336002100339337003000360338002300390500002900413650001200442700004700454850001000501008004100511990002400552990002400576990002200600990002200622INLIS00000000000783520260529030815 a0010-0922000324ta aSBPUPADbind0 aPermadiePengarang1 aPanen Jutaan Rupiah Dari Usaha Budidaya Mangga /cPermadi a.- cet.1 a108 hlm :bilus. ;c14x20 cm aBibliografi, hlm107 a978-602-6348-41-807aind a634.4 a634.4 PER p a634.4 PER p L18-9 a.--Depok :bPalapa,c2016 2rdacontentateks 2rdamediaatanpa perantara 2rdacarrieravolume aTentang Penulis, hlm 108 4aTanaman0 aPemeriksa Aksara, Dylan RaytamaePengarang aPUPAD260529 0  a28.663 b/B/DPK/2008 a28.663 a/B/DPK/2008 a23.859/H/DPK/2017 a23.858/H/DPK/2017